Tilastot visalle Tänä päivänä Suomen historiassa - helmikuu

Klikkaa tästä pelataksesi tätä visaa!

Yleistilastot

  • Tätä visaa on pelattu 39 kertaa
  • Keskiarvotulos 14 / 29

Vastaustilastot

PäivämääräVuosiVihjeVastaus% Oikein
29.2.1932Tämän iltapäivälehden ensimmäinen numero ilmestyyIlta-Sanomat
94%
12.2.2019Tämän yhtyeen solisti Olli Lindholm kuolee
85%
5.2.1900Tätä tiedonvälityslaitetta käytetään ensimmäistä kertaa onnistuneesti SuomessaRadio
73%
25.2.1991Suomen väkiluku ylittää tämän rajapyykin5 miljoonaa
67%
28.2.1835Elias Lönnrot allekirjoittaa ja päivää tämän runokokoelman esipuheenKalevala
67%
9.2.1932Tämä kiistanalainen laki kumotaanKieltolaki
67%
14.2.1921Suomi ottaa Tarton rauhansopimuksen mukaisesti haltuunsa tämän "itäisen käsivarren"Petsamo
67%
17.2.1980Juha Mieto häviää olympiakullan tämän suuruisella erolla Ruotsin Thomas Wassbergille Lake Placidin olympialaisten 15 km hiihdossa0,01 sekuntia
64%
16.2.1956Tämä ammatillinen keskusjärjestö antaa uhkauksen yleislakostaSAK
61%
4.2.1859Tämä saaristokaupunki määrätään perustettavaksiMaarianhamina
58%
20.2.1636Asetus tämän jakelulaitoksen perustamiseksi Suomessa annetaanPosti
58%
13.2.1972Suomi jää ensimmäistä kertaa ilman talviolympialaisten kultamitalia, kun kisat päättyvät tässä japanilaisessa kaupungissaSapporo
58%
21.2.1808Tämä sota Ruotsin ja Venäjän väliltä alkaaSuomen sota
55%
18.2.2001Tämän hiihtäjän dopingkäry käynnistää Lahden MM-hiihtojen dopingskandaalinJari Isometsä
52%
27.2.1932Lapuanliikkeen kapina tässä kunnassa alkaa ammuskelulla sosiaalidemokraattien puhetilaisuudessaMäntsälä
52%
19.2.1990Tämä Pohjoismaiden suurin konserttitalo otetaan käyttöönTampere-talo
42%
11.2.2005Tämä alppihiihtäjä voittaa pujottelun MM-hopeaaTanja Poutiainen
42%
26.2.2004Tämä jalkaväenkenraali ja Mannerheim-ristin ritari kuoleeAdolf Ehrnrooth
36%
8.2.1920Tämän oopperalaulajan jäähyväisnäytäntö esitetään HelsingissäAino Ackté
36%
3.2.1939Suomi osallistuu ensimmäistä kertaa näihin urheilun arvokisoihinJääkiekon MM-kisat
36%
6.2.1920Säädetään, että jokaisessa Suomen kunnassa on oltava tämä terveydenhuollon ammattilainenKätilö
33%
7.2.1930J.K. Paasikivelle myönnetään ensimmäisenä itsenäisen Suomen historiassa tämä arvonimiValtioneuvos
33%
10.2.1947Suomen aluemenetykset Neuvostoliitolle vahvistetaan tässä rauhansopimuksessaPariisin rauha
30%
22.2.1922Tämä Suur-Suomi-aatetta ajanut opiskelijajärjestö perustetaanAkateeminen Karjala-Seura
24%
15.2.1899Tämä tsaari Nikolai II:n antama julistus aloittaa ensimmäisen venäläistämiskauden SuomessaHelmikuun manifesti
21%
2.2.1922Punaupseeri Jahvetti Moilanen käynnistää tämän pienimuotoisen kapinan Sallassa ja SavukoskellaLäskikapina
18%
1.2.1729Tämä suomalainen valistusajattelija ja pappi kuoleeAnders Chydenius
15%
23.2.1918Ylipäällikkö Mannerheim antaa tämän tunnetun päiväkäskynsä Antrean asemallaMiekkavala
9%
24.2.1942Tämän sosialistiryhmän jäsenille tuomitaan kuritushuonetta valtiopetoksen valmistelustaKuutoset
3%

Tulosjakauma

Persentiili vastausten määrän mukaan

Jokaisen tuloksen saaneiden osuus

Tuloshistoriasi

Et ole pelannut tätä visaa